Classement 2024 des puissances militaires en Afrique, selon Global Fir - Statistiques

Statistiques générales
  • Ce quiz a été pris 130 fois
  • Le résultat moyen est 8 sur 10
Statistiques - réponses
Classement mondial Pays % Correct
26 Algérie
99%
15 Egypte
99%
61 Maroc
98%
33 Afrique du Sud
96%
39 Nigeria
89%
74 Tunisie
83%
73 République démocratique du Congo
78%
49 Ethiopie
68%
76 Soudan
68%
55 Angola
54%
Aucun quiz correspondant
Distribution des résultats
% des personnes avec chaque résultat
Percentile par nombre de réponses
Votre historique - résultats
Vous n’avez pas pris ce quiz